| 000 | 00863nas a2200265 4500 | ||
|---|---|---|---|
| 001 | BR0800195 | ||
| 003 | BR-BrBNA | ||
| 005 | 20231205111433.0 | ||
| 007 | ta | ||
| 008 | 230509b bl.|||p| |||| 00| 00por d | ||
| 040 |
_aBR-BrBNA _bpor _cBiblioteca Nacional de Agricultura |
||
| 041 | _a(En) | ||
| 072 | _aL70 | ||
| 100 | 1 | _aPachaly, J.R. | |
| 100 | 1 | _aMüchen, L. | |
| 100 | 1 | _aStofela Neto, H.C. | |
| 100 | 1 | _aFabian, R. | |
| 100 | 1 | _aCiffron, E.M.G | |
| 245 | 1 |
_aAnesthesia of woolly opossum (caluromys lanatus)with tiletamine and zolazepam - case report _b7 Jornada de Medicina Veterinária |
|
| 650 | _aGAMBÁ | ||
| 650 | _aANESTESIA | ||
| 773 | 0 |
_tArquivos de Ciências Veterinárias e Zoologia da UNIPAR (Brazil) _xISSN 1415-8167 _g(Jul-Dec 2002), v. 5(2) p. 336 _wBR0800195 |
|
| 909 |
_a202311 _bLúcia _c55 _dLúcia Elande |
||
| 942 |
_2AGRIS _n0 _cANA |
||
| 999 |
_c192722 _d192722 |
||